000 00538cam a22002052a 4500
001 022997
003 AR-FADEU
008 311216n1966####xxu####################dd
092 _a467
_bL869
100 _aLorenzo, Emilio
245 _aEl español de hoy, lengua en ebullición
260 _aMadrid
260 _bGredos
260 _c1966
300 _a175 p
440 _aBiblioteca romántica hispánica, tratados y monografías
_n89
500 _aPrólogo de Dámaso Alonso
650 _aESPAÑOL-VARIEDADES
942 _cBDGR
999 _c28690
_d28690